[Event "5th Sinquefield Cup 2017"]
[Site "Saint Louis USA"]
[Date "2017.08.02"]
[Round "1"]
[White "Vachier-Lagrave, Maxime"]
[Black "So, Wesley"]
[Result "1-0"]
[WhiteTitle "GM"]
[BlackTitle "GM"]
[WhiteElo "2791"]
[BlackElo "2810"]
[WhiteFideId "623539"]
[BlackFideId "5202213"]
[EventDate "2017.07.31"]
[PlyCount "85"]

1. e4 e5 2. Nf3 Nc6 3. Bc4 Bc5 4. O-O Nf6 5. d3 O-O 6. a4 d6 7. c3 a6 8. h3 h6 9. Nbd2 Ba7 10. Re1 Ne7 11. Bb3 Ng6 12. d4 Re8 13. Bc2 Bd7 14. a5 c6 15. dxe5 dxe5 16. Nc4 Qe7 17. Qd6 Qxd6 18. Nxd6 Re6 19. Rd1 Rb8 20. Kf1 Re7 21. Nc4 Rbe8 22. b3 Be6 23. Nb6 Bxb6 24. axb6 Rd7 25. Be3 Rc8 26. c4 Rxd1+ 27. Rxd1 c5 28. Ne1 Nd7 29. Nd3 f6 30. Ra1 Ne7 31. Ke2 Kf7 32. Kd2 f5 33. f4 exf4 34. Nxf4 g5 35. Nxe6 Kxe6 36. exf5+ Nxf5 37. Bg1 Nd4 38. Re1+ Kf6 39. Rf1+ Ke7 40. Re1+ Kd8 41. Be4 Nxb3+ 42. Kc3 Nd4 43. Bh2 1-0

[Event "5th Sinquefield Cup 2017"]
[Site "Saint Louis USA"]
[Date "2017.08.02"]
[Round "1"]
[White "Karjakin, Sergei"]
[Black "Svidler, Peter"]
[Result "1-0"]
[WhiteTitle "GM"]
[BlackTitle "GM"]
[WhiteElo "2773"]
[BlackElo "2749"]
[WhiteFideId "14109603"]
[BlackFideId "4102142"]
[EventDate "2017.07.31"]
[PlyCount "77"]

1. e4 e5 2. Nf3 Nc6 3. Bc4 Bc5 4. c3 Nf6 5. d3 d6 6. O-O a6 7. a4 Ba7 8. Re1 O-O 9. h3 Ne7 10. d4 Ng6 11. Nbd2 h6 12. Bb3 Re8 13. Bc2 b5 14. b4 Bb7 15. Bb2 Qd7 16. c4 exd4 17. cxb5 d3 18. Bxd3 Nf4 19. Bf1 Nxe4 20. Nxe4 Bxe4 21. bxa6 Qf5 22. Ra3 c5 23. Nh4 Qe6 24. b5 c4 25. Bd4 Bxd4 26. Qxd4 d5 27. Rg3 g5 28. f3 Nh5 29. Rg4 Nf6 30. Rgxe4 Nxe4 31. fxe4 gxh4 32. Rd1 Qxe4 33. Qxe4 Rxe4 34. Rxd5 c3 35. Rc5 Rxa4 36. b6 Kg7 37. b7 Re8 38. Rxc3 Ra1 39. a7 1-0

[Event "5th Sinquefield Cup 2017"]
[Site "Saint Louis USA"]
[Date "2017.08.04"]
[Round "3"]
[White "Karjakin, Sergei"]
[Black "Aronian, Levon"]
[Result "1/2-1/2"]
[WhiteTitle "GM"]
[BlackTitle "GM"]
[WhiteElo "2773"]
[BlackElo "2809"]
[WhiteFideId "14109603"]
[BlackFideId "13300474"]
[EventDate "2017.07.31"]
[PlyCount "46"]

1. e4 e5 2. Nf3 Nc6 3. Bc4 Bc5 4. c3 Nf6 5. d3 O-O 6. a4 a6 7. O-O Ba7 8. Re1 d6 9. h3 b5 10. Ba2 b4 11. d4 bxc3 12. bxc3 Re8 13. Be3 h6 14. Nbd2 Na5 15. Rb1 Be6 16. Qc2 Bxa2 17. Qxa2 Bb6 18. Qc2 Nd7 19. Qd3 Qe7 20. Rb2 Nc6 21. Qc4 Na5 22. Qd3 Nc6 23. Qc4 Na5 1/2-1/2

[Event "5th Sinquefield Cup 2017"]
[Site "Saint Louis USA"]
[Date "2017.08.06"]
[Round "5"]
[White "Vachier-Lagrave, Maxime"]
[Black "Aronian, Levon"]
[Result "1/2-1/2"]
[WhiteTitle "GM"]
[BlackTitle "GM"]
[WhiteElo "2791"]
[BlackElo "2809"]
[WhiteFideId "623539"]
[BlackFideId "13300474"]
[EventDate "2017.07.31"]
[PlyCount "90"]

1. e4 e5 2. Nf3 Nc6 3. Bc4 Bc5 4. O-O Nf6 5. d3 O-O 6. a4 a6 7. c3 Ba7 8. Re1 d6 9. h3 b5 10. Bb3 b4 11. a5 Rb8 12. Nbd2 Be6 13. Bc2 h6 14. Nf1 d5 15. exd5 Nxd5 16. Bd2 b3 17. Bb1 Qd6 18. Qe2 Rbe8 19. Ra3 f5 20. Nxe5 Bd7 21. d4 Nxd4 22. cxd4 Bxd4 23. Rxb3 Rxe5 24. Qc4 Rxe1 25. Bxe1 Re8 26. Bb4 Qe5 27. Rd3 Bb5 28. Qxd4 Bxd3 29. Qxd3 Nxb4 30. Qc4+ Nd5 31. Ba2 Kh7 32. Qxd5 Qxd5 33. Bxd5 Re5 34. Bc4 Rxa5 35. f4 Ra1 36. Kf2 a5 37. Nd2 Kg6 38. Bd3 Kf6 39. Nc4 a4 40. g4 fxg4 41. hxg4 Ke6 42. Be4 Rc1 43. Ne3 Ra1 44. Nc4 Rc1 45. Ne3 Ra1 1/2-1/2

[Event "5th Sinquefield Cup 2017"]
[Site "Saint Louis USA"]
[Date "2017.08.06"]
[Round "5"]
[White "So, Wesley"]
[Black "Carlsen, Magnus"]
[Result "0-1"]
[WhiteTitle "GM"]
[BlackTitle "GM"]
[WhiteElo "2810"]
[BlackElo "2822"]
[WhiteFideId "5202213"]
[BlackFideId "1503014"]
[EventDate "2017.07.31"]
[PlyCount "58"]

1. e4 e5 2. Nf3 Nc6 3. d4 exd4 4. Nxd4 Bb4+ 5. c3 Be7 6. Nxc6 bxc6 7. Bd3 d6 8. O-O Nf6 9. Re1 O-O 10. Nd2 Re8 11. Nf3 Nd7 12. Bf4 Nc5 13. Bc2 Bg4 14. h3 Bh5 15. Be3 Nd7 16. Ba4 c5 17. g4 Bg6 18. e5 Rb8 19. Bf4 Rxb2 20. exd6 Bxd6 21. Rxe8+ Qxe8 22. Bxd6 cxd6 23. Qxd6 Qe2 24. Qg3 Nf8 25. Re1 Rb1 26. Rxb1 Bxb1 27. Bc6 Bxa2 28. Qd6 Qc4 29. Ne5 Qxc3 0-1

[Event "5th Sinquefield Cup 2017"]
[Site "Saint Louis USA"]
[Date "2017.08.08"]
[Round "6"]
[White "Caruana, Fabiano"]
[Black "Vachier-Lagrave, Maxime"]
[Result "1/2-1/2"]
[WhiteTitle "GM"]
[BlackTitle "GM"]
[WhiteElo "2807"]
[BlackElo "2791"]
[WhiteFideId "2020009"]
[BlackFideId "623539"]
[EventDate "2017.07.31"]
[PlyCount "60"]

1. e4 c5 2. Nf3 d6 3. d4 cxd4 4. Nxd4 Nf6 5. Nc3 a6 6. Bg5 e6 7. f4 h6 8. Bh4 Qb6 9. a3 Be7 10. Qd3 Nbd7 11. O-O-O g5 12. fxg5 Ne5 13. Qd2 Nh7 14. Nf3 hxg5 15. Bf2 Qc7 16. Be2 Bd7 17. h4 Rg8 18. h5 g4 19. Nxe5 dxe5 20. Bh4 Bc6 21. Qe3 Bxh4 22. Rxh4 Qe7 23. Rxg4 Rxg4 24. Bxg4 Qg5 25. Qxg5 Nxg5 26. Bf3 Ke7 27. Kd2 Rh8 28. Rh1 f5 29. Ke3 Kf6 30. b4 b5 1/2-1/2

[Event "5th Sinquefield Cup 2017"]
[Site "Saint Louis USA"]
[Date "2017.08.08"]
[Round "6"]
[White "Aronian, Levon"]
[Black "So, Wesley"]
[Result "1-0"]
[WhiteTitle "GM"]
[BlackTitle "GM"]
[WhiteElo "2809"]
[BlackElo "2810"]
[WhiteFideId "13300474"]
[BlackFideId "5202213"]
[EventDate "2017.07.31"]
[PlyCount "63"]

1. d4 Nf6 2. c4 e6 3. Nf3 d5 4. Nc3 Bb4 5. Bg5 h6 6. Bxf6 Qxf6 7. Qa4+ Nc6 8. e3 O-O 9. Be2 dxc4 10. O-O Bxc3 11. bxc3 Bd7 12. Qxc4 Rac8 13. Rad1 Rfd8 14. Nd2 Na5 15. Qb4 b6 16. Ba6 Rb8 17. Ne4 Qf5 18. Bd3 Bc6 19. f3 Bxe4 20. fxe4 Qg5 21. Rf3 c5 22. Qb2 e5 23. Rdf1 cxd4 24. cxd4 Rb7 25. d5 Rc7 26. h4 Qxh4 27. Qxe5 Qe7 28. Qg3 Qc5 29. Rf6 h5 30. Rh6 Qc3 31. Rxh5 g6 32. e5 1-0

[Event "5th Sinquefield Cup 2017"]
[Site "Saint Louis USA"]
[Date "2017.08.10"]
[Round "8"]
[White "Karjakin, Sergei"]
[Black "So, Wesley"]
[Result "1-0"]
[WhiteTitle "GM"]
[BlackTitle "GM"]
[WhiteElo "2773"]
[BlackElo "2810"]
[WhiteFideId "14109603"]
[BlackFideId "5202213"]
[EventDate "2017.07.31"]
[PlyCount "125"]

1. e4 e5 2. Nf3 Nc6 3. Bc4 Bc5 4. O-O Nf6 5. d3 O-O 6. h3 d6 7. c3 a6 8. a4 Ba7 9. Re1 h6 10. Nbd2 Be6 11. Bxe6 fxe6 12. b4 Qe8 13. Nf1 Nh5 14. Be3 Bxe3 15. Rxe3 Nf4 16. Rb1 b5 17. Ra1 Qg6 18. Ng3 Qf6 19. Ne2 Ng6 20. Qb3 Kh8 21. Rf1 Rab8 22. g3 Qf7 23. Nh2 d5 24. Rf3 Qd7 25. axb5 axb5 26. Kg2 Rxf3 27. Nxf3 Rf8 28. Neg1 Ra8 29. Rc1 Qd6 30. Ne1 Nge7 31. Ngf3 Ng8 32. Nc2 Nf6 33. Re1 Rf8 34. Na3 Rb8 35. Nc2 Rf8 36. Na3 Rb8 37. Nb1 Nd7 38. Nbd2 d4 39. Rc1 dxc3 40. Qxc3 Rb6 41. Nb3 Nxb4 42. Qxc7 Kh7 43. d4 Qxc7 44. Rxc7 Nf6 45. Nc5 Na6 46. Rc8 Nxc5 47. dxc5 Ra6 48. Nxe5 Nxe4 49. c6 Ra2 50. Kf3 Ng5+ 51. Ke3 Nxh3 52. Rb8 Rc2 53. f4 h5 54. Rxb5 Nf2 55. Kd4 Rd2+ 56. Kc5 Ne4+ 57. Kb6 Rc2 58. c7 Nd6 59. Rb3 Ne8 60. Nc6 Nxc7 61. Kxc7 Rc4 62. Kd6 h4 63. Ne5 1-0

[Event "5th Sinquefield Cup 2017"]
[Site "Saint Louis USA"]
[Date "2017.08.11"]
[Round "9"]
[White "Svidler, Peter"]
[Black "Caruana, Fabiano"]
[Result "1-0"]
[WhiteTitle "GM"]
[BlackTitle "GM"]
[WhiteElo "2749"]
[BlackElo "2807"]
[WhiteFideId "4102142"]
[BlackFideId "2020009"]
[EventDate "2017.07.31"]
[PlyCount "87"]

1. c4 e5 2. g3 Nf6 3. Bg2 c6 4. Nf3 e4 5. Nd4 Qb6 6. Nb3 a5 7. d3 a4 8. N3d2 d5 9. cxd5 exd3 10. O-O cxd5 11. exd3 Be7 12. Nc3 Qa5 13. Re1 Nc6 14. b4 axb3 15. Bb2 Qd8 16. Qxb3 Be6 17. Ne2 Bb4 18. Red1 O-O 19. Nf4 Bc5 20. Nf3 Bg4 21. Rac1 Bxf3 22. Bxf3 Nd4 23. Bxd4 Bxd4 24. Rc2 b6 25. Bxd5 Ra7 26. Bf3 Re8 27. Ne2 h5 28. Nxd4 Qxd4 29. Rc4 Qe5 30. a4 Qa5 31. Kg2 Rd8 32. d4 Nd5 33. Rdc1 g6 34. Rc8 Rd7 35. Qc4 Kg7 36. Rxd8 Rxd8 37. Rb1 Nf6 38. d5 Ra8 39. d6 Ra7 40. Rd1 Nd7 41. Bc6 Qc5 42. Qd4+ Qxd4 43. Rxd4 Kf6 44. Re4 1-0